| 000 | 01372nam a2200265Ia 4500 | ||
|---|---|---|---|
| 999 |
_c3393 _d3393 |
||
| 003 | OSt | ||
| 005 | 20200415124555.0 | ||
| 008 | 191128s1963 ck gr 000 0 spa d | ||
| 040 |
_aCO-JMCR _cCO-JMCR |
||
| 041 | 0 | _aspa | |
| 082 | 0 | 4 |
_a303.4 / _bH143c |
| 100 | 1 |
_aHagen, Everett Einar, _eautor _93043 |
|
| 245 | 1 | 3 |
_aEl cambio social en Colombia : _b el factor humano en el desarrollo económico / _cEverett E. Hagen ; traducción y examen preliminar Jorge Velez Garcia |
| 260 |
_aBogotá : _bTercer Mundo, impresión, _c1963 |
||
| 300 |
_a108 páginas ; _c19 cm. |
||
| 490 | 0 |
_aControversia ; _v1 |
|
| 505 | _aEl cambio social en Colombia -- El marco -- El cambio económico -- ¿Por qué empezó el crecimiento -- ¿Por qué los antioqueños? -- La necesidad de agresión en Colombia -- Ancestro vasco entre los empresarios antioqueños | ||
| 520 | _aLa visión de Ecerett E. Hagen sobre el cambio en Colombia tiene un doble mérito: la agilidad y el acierto. Su metodología se caracteriza por una sorprendente habilidad en la selección de las coyunturas. Con la deliberada y necesaria alineación. | ||
| 534 | _pThe transition in Colombia | ||
| 546 | _aTraducido del inglés | ||
| 650 | 1 | 4 |
_aDesarrollo económico _zColombia _93044 |
| 650 | 2 | 4 |
_aCondiciones económicas _zColombia _93045 |
| 700 | 1 |
_aVelez Garcia, Jorge, _etraductor _93046 |
|
| 942 |
_2ddc _cBK |
||